| 000 | 00704nab a22002297i 4500 | ||
|---|---|---|---|
| 001 | 08218 | ||
| 003 | HDC | ||
| 007 | cr bn ---aaaaa | ||
| 008 | 210127c20180924my n|| o||| 00| 0 may | ||
| 040 | _aHDC | ||
| 245 | 0 | _aHalfest Giant 2018 promosi produk usahawan mikro | |
| 336 |
_atext _2rdacontent |
||
| 337 |
_acomputer _2rdamedia |
||
| 338 |
_aonline resource _2rdacarrier |
||
| 650 |
_aPemasaran _98734 |
||
| 650 |
_aUsahawan _98733 |
||
| 710 | _aHarian Metro | ||
| 856 | _zRequest full-text at [email protected] | ||
| 942 | _2lcc | ||
| 942 | _cNEWS | ||
| 942 | _kNWSC 001658 | ||
| 999 |
_c5541 _d5541 |
||